| 000 | 00000nam##2200000za#4500 |
| 001 | 9.580642 |
| 003 | CaOODSP |
| 005 | 20210624191134 |
| 007 | cr ||||||||||| |
| 008 | 150406|2014||||xxc|||||o f|0| 0 eng|d |
| 020 | |a978-1-100-24929-2 |
| 040 | |aCaOODSP|beng |
| 043 | |an-cn--- |
| 086 | 1 |aIu172-1/2009-3E-PDF |
| 110 | 1 |aCanada. |bIndustry Canada. |
| 245 | 10|aAre Canadian industries moving up the value chain? / |h[electronic resource]|c[by] Malick Souare, Weimin Wang. |
| 260 | |aOttawa - Ontario : |bIndustry Canada |cc2014. |
| 300 | |a33p.|bgraphs, references, tables |
| 490 | 1 |aEconomic Research and Policy Analysis Branch working paper series|v2009-03 |
| 590 | |a15-11|b2015-03-13 |
| 775 | 08|tLes industries canadiennes progressent-elles la chaîne de valeur? / |w(CaOODSP)9.607497 |
| 830 | #0|aEconomic Research and Policy Analysis Branch working paper series ;|v2009-03|w(CaOODSP)9.507626 |
| 856 | 40|ahttp://publications.gc.ca|qPDF|s975 KB|uhttps://publications.gc.ca/collections/collection_2015/ic/Iu172-1-2009-3-eng.pdf|y2009-03 |